000
00303nam a22001337a 4500
008
170912b xxu||||| |||| 00| 0 eng d
020
_a
9780521345040
041
_a
eng
080
_a
53
100
_a
43
101
_a
FIZ
245
_a
PERSPECTIVESOF NONLINEAR DYNAMICS
_c
JACKSON,E.A
942
_2
udc
_c
BK
999
_c
27327
_d
27327